[Event "Elitserien Allsvenskan 2018-19"]
[Site "Sweden"]
[Date "2018.11.11"]
[Round "3"]
[White "Engqvist, Thomas"]
[Black "Arman, Deniz"]
[Result "0-1"]
[WhiteElo "2331"]
[BlackElo "2356"]
[Annotator "TA"]
[PlyCount "138"]
[EventDate "2018.11.09"]
[EventType "team-tourn"]
[EventCountry "SWE"]
[SourceTitle "playchess.com"]
[Source "ChessBase"]
[SourceQuality "1"]

{[%evp 28,138,50,23,44,52,44,30,25,52,31,47,81,-21,-25,-18,-17,-23,-25,-36,-29,-43,-2,-6,-7,-2,-2,-63,-67,-114,-89,-166,-45,-403,-397,-397,-338,-338,-338,-338,-332,-329,-318,-302,-274,-392,-224,-184,-100,-147,-4,-4,0,-41,-41,-41,-41,-41,-41,-41,-41,-41,-41,-41,-41,-41,-41,-41,-41,-52,-33,-34,-34,-327,-301,-308,-68,-68,0,-749,-729,-719,-618,-632,0,-5097,-4690,-2922,-1349,-753,0,0,0,-29976,-29977,-29977,-29978,-29979,-29980,-29981,-29982,-29982,-29983,-29983,-29984,-29984,-29985,-29985,-29986,-29985,-29985,-29985,-29986]} 1. c4 e5 2. g3 Nf6 3. Bg2 g6 4. Nc3 Bg7 5. Nf3 d6 6. O-O O-O 7. d4 exd4 8. Nxd4 Re8 9. h3 Nbd7 10. e4 a6 11. Re1 Ne5 {E68: King's Indian: Fianchetto: 6...Nbd7 7 0-0 e5 8 e4} (11... Rb8 12. Bf4 Ne5 13. Qb3 Nd3 14. Nc6 bxc6 15. Qxb8 Nxf4 16. gxf4 Nh5 17. e5 d5 18. Ne2 Qh4 19. Qxc7 Bxh3 20. Qxc6 {½-½ (41) Mareco,S (2635)-Adhiban,B (2666) Doha 2016}) 12. b3 c5 13. Nc2 Rb8 14. f4 Nc6 15. Rb1 {[#] LiveBook: 3 Games} Bd7 $146 ({Predecessor:} 15... Nh5 16. Qd3 Nd4 17. Nxd4 Bxd4+ 18. Be3 Nxg3 19. Bxd4 cxd4 20. Qxd4 Nh5 21. Qf2 b5 22. cxb5 axb5 {½-½ (34) Piccardo,V (2511)-Akdag,M (2554) ICCF email 2010}) 16. Qxd6 Nd4 17. Nxd4 cxd4 18. Nd5 Nxd5 19. Qxd5 Qc8 20. Kh2 (20. Ba3 $16) 20... b5 $11 21. e5 Rd8 $36 {[%mdl 2048] Threatens to win with ...Bf5. Black has some pressure.} 22. Rb2 Be6 23. Qc6 bxc4 24. bxc4 Rxb2 25. Bxb2 Qxc6 26. Bxc6 Bxc4 27. Re4 (27. Rd1 $11) 27... d3 $1 $15 {[%cal Rd3d2]} (27... Rc8 $6 28. Bd7 $14) 28. Ba4 ({But not} 28. Rxc4 $2 d2 $19) 28... Bxa2 29. Bd1 (29. Rd4 $17 Rxd4 30. Bxd4) 29... Rb8 (29... Bf8 $1 $19 30. g4 Rb8) 30. Ba3 $2 {[%mdl 8192]} (30. Bc3 $15) 30... Bf8 $19 31. Bxf8 Rb2+ (31... Kxf8 $2 32. Ra4 $19) ({Not} 31... Rxf8 32. Rd4 $11) 32. Kg1 Kxf8 {[%mdl 4096] Endgame KRB-KRB} 33. Ba4 Bb1 34. Rd4 a5 35. Rd8+ Kg7 36. Rd7 (36. g4 $142) 36... Rb4 (36... d2 $142 37. Rd4 Ba2) 37. Bc6 Ba2 (37... Rb6 $1 $19 {[%cal Rb6c6]} 38. Bf3 a4) 38. Rxd3 Bb3 (38... Rb3 $1 $17 {[%cal Rb3d3]} 39. Rd4 Rxg3+ 40. Kf2 Rxh3) 39. Rd7 $11 Rb6 40. Bd5 (40. Bf3 {seems wilder.} a4 41. Ra7 Rb4 42. Bc6 h5 43. h4) 40... Bxd5 41. Rxd5 $15 {KR-KR} Ra6 42. Rd3 $1 a4 {Strongly threatening ...a3.} 43. Ra3 f6 44. exf6+ $1 Kxf6 45. Kf2 Ke6 46. Ke3 Kd5 {Hoping for ...Kc4.} 47. Kd3 Kc5 48. Kc3 h5 49. g4 h4 50. g5 $2 {[%mdl 8192]} (50. f5 $15) 50... Kd5 $19 51. Kd3 Ra8 $2 ({Black should try} 51... Ra5 $1 $19 52. Ke3 Kc4) 52. Ke3 $15 Kc4 {[#]} ({Better is} 52... Ra5 $1 $15 53. Kd3 Kc5) 53. Kf3 $2 {[%mdl 8192]} (53. f5 $1 $11 {[%mdl 512]}) 53... Kb4 54. Ra1 a3 {[%cal Ba4a3,Ba3a2][%mdl 32]} 55. Kg4 Rf8 $2 (55... Kb3 $19 {White must now prevent ...Ra4.} 56. Kxh4 Ra4) 56. Rf1 $2 {[%mdl 8192]} (56. Re1 $11) 56... a2 $19 57. Kxh4 Kc3 (57... Ka3 $142 58. Rf3+ Kb4) 58. Kg4 {[#]} Ra8 $2 ({Less strong is} 58... Kb2 59. h4 $17) ({Black should play} 58... Rb8 $1 $19 {[%cal Rb8b1] And now ...Rb1 would win.} 59. Ra1 Kb2 60. Rxa2+ Kxa2) 59. f5 $11 Ra4+ 60. Kf3 $2 {[%mdl 8192] [#]} (60. Kg3 $11) 60... Ra5 $1 {Black mates.} 61. Ra1 Rxf5+ 62. Kg4 Kb2 63. Rxa2+ Kxa2 {KR-KPP} 64. h4 Rf1 65. h5 Rg1+ 66. Kh4 Rh1+ 67. Kg4 Rxh5 68. Kf4 Rh1 69. Ke5 Rf1 {Precision: White = 42%, Black = 53%.} 0-1

[Event "Elitserien Allsvenskan 2018-19"]
[Site "Sweden"]
[Date "2018.11.11"]
[Round "3"]
[White "Ong, Kezli"]
[Black "Tikkanen, Hans"]
[Result "1/2-1/2"]
[WhiteElo "2330"]
[BlackElo "2527"]
[Annotator "TA"]
[PlyCount "120"]
[EventDate "2018.11.09"]
[EventType "team-tourn"]
[EventCountry "SWE"]
[SourceTitle "playchess.com"]
[Source "ChessBase"]
[SourceQuality "1"]

{[%evp 27,120,0,20,0,0,0,0,0,13,-22,6,-27,28,-35,-28,-65,-42,-41,-29,-38,-38,-43,-25,-42,-32,-65,10,-71,-53,-68,-67,-77,8,23,0,-75,-58,-63,0,0,0,0,147,156,159,168,159,138,149,134,145,80,77,71,134,106,125,114,117,129,134,141,117,95,131,123,104,59,95,30,67,31,52,8,156,95,95,95,95,0,0,0,0,0,0,0,0,0,0,0,0,0,0,0,0]} 1. e4 c6 2. d4 d5 3. Nc3 dxe4 4. Nxe4 Bf5 5. Ng3 Bg6 6. h4 h6 7. Nf3 Nd7 8. h5 Bh7 9. Bd3 Bxd3 10. Qxd3 e6 11. Bd2 Ngf6 12. O-O-O Be7 13. Ne4 O-O 14. Nxf6+ {B19: Classical Caro-Kann: 4...Bf5 main line} (14. Kb1 Nxe4 15. Qxe4 Nf6 16. Qd3 Qd5 17. c4 Qe4 18. Qxe4 Nxe4 19. Be3 f5 20. Kc2 f4 21. Kd3 fxe3 22. Kxe4 exf2 {0-1 (44) Michalik,P (2554)-Navara,D (2742) Prague 2016}) 14... Nxf6 {LiveBook: 114 Games} 15. Ne5 c5 16. dxc5 Qc7 17. f4 Qxc5 18. Qb3 Rac8 $146 ({Predecessor:} 18... a5 19. a3 a4 20. Qf3 Rac8 21. Bc3 {0-1 (44) Gonzalez Perez,A (2440)-Olivares Canelles,F (2270) Barcelona 2015}) 19. g4 (19. Be3 $5 {[%cal Re3c5]} Qc7 20. Bxa7 $11) 19... Bd6 (19... Rfd8 $142) 20. Be3 (20. g5 $11 hxg5 21. h6) 20... Qc7 $15 21. Bxa7 Nd5 22. Bd4 Nxf4 23. Rhe1 {[#]} b5 $1 {[%mdl 512]} 24. Nf3 (24. Qxb5 Qxc2#) 24... Nd5 25. Kb1 Bf4 26. Be5 Qc4 (26... Bxe5 $15 27. Nxe5 b4) 27. Bxf4 (27. Rd4 $11 {remains equal.} Qxb3 28. axb3 Bxe5 29. Nxe5) 27... Qxf4 $17 28. Rd4 Qf6 $1 29. Red1 Nc3+ (29... b4 $17 30. Ng1 Rc5) 30. bxc3 $11 {aiming for R1d3.} Qxf3 31. Kb2 (31. c4 $11 {keeps the balance.} Qxb3+ 32. cxb3) 31... e5 32. R1d3 $1 {[%cal Rd3f3]} Qc6 (32... Qe2 $1 $15 33. Rd2 Qe3) 33. Rb4 Rb8 34. Rd5 e4 (34... Qc7 $11) 35. Rxe4 $16 Rb7 36. Rb4 Rfb8 37. g5 hxg5 38. Rxg5 Kh7 39. Rbg4 (39. a3 $142) 39... f6 40. Rg6 {Strongly threatening h6.} Qd6 (40... Qf3 $142) 41. Qb4 $1 {[%cal Rb4d6]} Qxb4+ 42. cxb4 {[%mdl 4096] Endgame KRR-KRR} (42. Rxb4 Rc8 $14) 42... Re8 43. h6 {[%cal Rh6g7]} f5 44. Rg2 {[%cal Rh6g7]} ({Much less strong is} 44. Rxg7+ Rxg7 45. Rxg7+ Kxh6 $16) 44... gxh6 45. Rf6 Re5 46. Rh2 Kg7 47. Rfxh6 Rf7 48. Rh7+ ({Better is} 48. c4 $16) 48... Kf6 $1 $11 49. Rxf7+ Kxf7 $14 {KR-KR} 50. a4 bxa4 {[#]} (50... Re4 $1 $11) 51. Ka3 (51. Rf2 $142 $1) 51... Ke6 52. c4 ({Of course not} 52. Kxa4 f4 $11) 52... f4 {[#]} 53. Kxa4 ({White should play} 53. Rf2 $1 $16 {[%cal Rf2f4]} Rf5 54. Rf3 (54. Kxa4 f3 $11)) 53... Rf5 $11 {The position is equal.} 54. b5 f3 {Threatens to win with ...f2.} 55. Rf2 Kd6 56. Kb4 Rf4 57. Kc3 Kc5 58. Kd3 Rd4+ 59. Ke3 Rxc4 60. Rxf3 Rc3+ {Accuracy: White = 48%, Black = 51%.} 1/2-1/2

[Event "Elitserien Allsvenskan 2018-19"]
[Site "Sweden"]
[Date "2018.11.11"]
[Round "3"]
[White "Kucuksari, Kaan"]
[Black "Namini, Armin"]
[Result "1-0"]
[WhiteElo "2329"]
[BlackElo "2205"]
[Annotator "NA"]
[PlyCount "87"]
[EventDate "2018.11.09"]
[EventType "team-tourn"]
[EventCountry "SWE"]
[SourceTitle "playchess.com"]
[Source "ChessBase"]
[SourceQuality "1"]
[TimeControl "40/5400+30:1800+30"]

1. d4 {[%emt 0:00:00]} Nf6 {[%emt 0:09:12]} 2. Nf3 {[%emt 0:00:00]} g6 {[%emt 0:00:04]} 3. c4 {[%emt 0:00:00]} Bg7 {[%emt 0:00:03]} 4. Nc3 {[%emt 0:00:00]} O-O {[%emt 0:00:03]} 5. e4 {[%emt 0:00:00]} d6 {[%emt 0:00:05]} 6. h3 {[%emt 0:00:00]} e5 {[%emt 0:00:30]} 7. d5 {[%emt 0:00:00]} Na6 {[%emt 0:00:15]} 8. Bg5 {[%emt 0:00:04]} h6 {[%emt 0:00:35]} 9. Be3 {[%emt 0:00:05]} Nc5 {[%emt 0:00:04]} 10. Nd2 {[%emt 0:00:07]} a5 {[%emt 0:00:06]} 11. Be2 {[%emt 0:00:05]} Bd7 {[%emt 0:00:52]} 12. O-O {[%emt 0:00:06]} Nh7 {[%emt 0:02:33]} 13. b3 {[%emt 0:00:04]} f5 {[%emt 0:00:53]} 14. f3 {[%emt 0:00:02]} f4 {[%emt 0:04:54]} 15. Bf2 {[%emt 0:00:01]} Bf6 {[%emt 0:00:53]} 16. Qe1 {[%emt 0:00:18]} h5 {[%emt 0:05:30]} 17. a3 {[%emt 0:03:02]} a4 {[%emt 0:16:57]} 18. b4 {[%emt 0:03:20]} Nb3 {[%emt 0:02:44]} 19. Nxb3 {[%emt 0:19:11]} axb3 {[%emt 0:00:09]} 20. c5 {[%emt 0:00:06]} Ng5 {[%emt 0:03:16]} 21. Kh2 {[%emt 0:12:53]} Bxh3 {[%emt 0:11:33]} 22. gxh3 {[%emt 0:05:50]} Qd7 {[%emt 0:01:07]} 23. Qd1 {[%emt 0:01:10]} Qxh3+ {[%emt 0:00:35]} 24. Kg1 {[%emt 0:00:01]} b2 {[%emt 0:07:28]} 25. Ra2 {[%emt 0:01:26]} Be7 {[%emt 0:01:47]} 26. c6 {[%emt 0:06:05]} b1=Q {[%emt 0:02:43]} 27. Qxb1 {[%emt 0:06:14]} Nxf3+ {[%emt 0:01:32]} 28. Bxf3 {[%emt 0:07:47]} Qxf3 {[%emt 0:00:02]} 29. cxb7 {[%emt 0:01:55]} Rab8 {[%emt 0:01:21]} 30. Ba7 {[%emt 0:13:20]} Qxc3 {[%emt 0:01:12]} 31. Rc1 {[%emt 0:02:37]} Qf3 {[%emt 0:04:38]} 32. Rxc7 {[%emt 0:04:10]} Bd8 {[%emt 0:13:03]} 33. Rf2 {[%emt 0:10:35]} Qxa3 {[%emt 0:05:21]} 34. Bxb8 {[%emt 0:00:12]} Qg3+ {[%emt 0:00:06]} 35. Rg2 {[%emt 0:00:23]} Qe3+ {[%emt 0:00:01]} 36. Kh2 {[%emt 0:00:47]} f3 {[%emt 0:01:19]} 37. Qc1 {[%emt 0:04:18]} Qxe4 {[%emt 0:02:32]} 38. Rc4 {[%emt 0:00:43]} Qf5 {[%emt 0:01:06]} 39. Bxd6 {[%emt 0:01:23]} fxg2 {[%emt 0:00:38]} 40. Bxf8 {[%emt 0:00:17]} Bg5 {[%emt 0:01:37]} 41. b8=Q {[%emt 0:31:06]} Bxc1 {[%emt 0:01:00]} 42. Bd6+ {[%emt 0:00:00]} Kh7 {[%emt 0:00:14]} 43. Rc7+ {[%emt 0:00:00]} Kh6 {[%emt 0:00:09]} 44. Qf8+ {[%emt 0:00:00]} 1-0

[Event "Elitserien Allsvenskan 2018-19"]
[Site "Sweden"]
[Date "2018.11.11"]
[Round "3"]
[White "Storme, Isak"]
[Black "Carlsson, Ludvig"]
[Result "0-1"]
[WhiteElo "2319"]
[BlackElo "2041"]
[Annotator "NA"]
[PlyCount "100"]
[EventDate "2018.11.09"]
[EventType "team-tourn"]
[EventCountry "SWE"]
[SourceTitle "playchess.com"]
[Source "ChessBase"]
[SourceQuality "1"]
[TimeControl "40/5400+30:1800+30"]

1. e4 {[%emt 0:00:00]} c5 {[%emt 0:01:25]} 2. Nf3 {[%emt 0:00:00]} d6 {[%emt 0:00:10]} 3. d4 {[%emt 0:00:00]} cxd4 {[%emt 0:00:05]} 4. Nxd4 {[%emt 0:00:03]} Nf6 {[%emt 0:00:06]} 5. Nc3 {[%emt 0:00:05]} g6 {[%emt 0:00:08]} 6. Be3 {[%emt 0:00:06]} Bg7 {[%emt 0:00:04]} 7. f3 {[%emt 0:00:04]} Nc6 {[%emt 0:00:05]} 8. Qd2 {[%emt 0:00:05]} O-O {[%emt 0:00:05]} 9. O-O-O {[%emt 0:00:06]} d5 {[%emt 0:00:04]} 10. Qe1 {[%emt 0:00:06]} e5 {[%emt 0:25:10]} 11. Nxc6 {[%emt 0:01:18]} bxc6 {[%emt 0:00:10]} 12. exd5 {[%emt 0:00:10]} Nxd5 {[%emt 0:11:04]} 13. Bc4 {[%emt 0:00:39]} Be6 {[%emt 0:12:36]} 14. Ne4 {[%emt 0:00:17]} f5 {[%emt 0:10:39]} 15. Ng5 {[%emt 0:15:14]} Bc8 {[%emt 0:00:51]} 16. h4 {[%emt 0:03:15]} h6 {[%emt 0:07:07]} 17. Ne4 {[%emt 0:03:30]} Be6 {[%emt 0:02:27]} 18. Qg3 {[%emt 0:31:55]} f4 {[%emt 0:06:13]} 19. Qxg6 {[%emt 0:01:36]} Bf7 {[%emt 0:00:08]} 20. Qxc6 {[%emt 0:01:24]} Rc8 {[%emt 0:00:24]} 21. Rxd5 {[%emt 0:05:15]} Rxc6 {[%emt 0:02:33]} 22. Rxd8 {[%emt 0:00:11]} Rxd8 {[%emt 0:00:21]} 23. Bxf7+ {[%emt 0:00:08]} Kxf7 {[%emt 0:00:06]} 24. Bxa7 {[%emt 0:05:53]} Ra6 {[%emt 0:00:59]} 25. Bc5 {[%emt 0:00:08]} Rxa2 {[%emt 0:00:32]} 26. Kb1 {[%emt 0:00:06]} Ra6 {[%emt 0:01:07]} 27. c4 {[%emt 0:01:28]} Bf8 {[%emt 0:03:15]} 28. Bxf8 {[%emt 0:01:27]} Rxf8 {[%emt 0:00:31]} 29. Rd1 {[%emt 0:03:33]} Rg8 {[%emt 0:02:14]} 30. Rd7+ {[%emt 0:00:13]} Ke8 {[%emt 0:00:13]} 31. Rh7 {[%emt 0:17:36]} Rxg2 {[%emt 0:06:49]} 32. c5 {[%emt 0:00:09]} Kf8 {[%emt 0:01:26]} 33. Rb7 {[%emt 0:02:26]} Rg3 {[%emt 0:02:27]} 34. Rb6 {[%emt 0:03:18]} Rxb6 {[%emt 0:01:30]} 35. cxb6 {[%emt 0:00:05]} Rg6 {[%emt 0:00:07]} 36. Nc5 {[%emt 0:04:17]} Ke7 {[%emt 0:00:11]} 37. b7 {[%emt 0:01:04]} Rb6 {[%emt 0:00:07]} 38. Kc2 {[%emt 0:00:31]} Kd6 {[%emt 0:00:34]} 39. Ne4+ {[%emt 0:00:23]} Kd5 {[%emt 0:00:18]} 40. Kc3 {[%emt 0:01:08]} Rxb7 {[%emt 0:00:13]} 41. b4 {[%emt 0:07:21]} Rb6 {[%emt 0:02:48]} 42. h5 {[%emt 0:01:08]} Ra6 {[%emt 0:00:17]} 43. Kd3 {[%emt 0:01:27]} Ra1 {[%emt 0:06:03]} 44. b5 {[%emt 0:04:24]} Ra3+ {[%emt 0:01:15]} 45. Nc3+ {[%emt 0:03:12]} Kc5 {[%emt 0:00:23]} 46. Kd2 {[%emt 0:04:30]} Kd4 {[%emt 0:01:06]} 47. Ne2+ {[%emt 0:02:19]} Kc4 {[%emt 0:00:13]} 48. Nc1 {[%emt 0:01:52]} Rxf3 {[%emt 0:01:10]} 49. b6 {[%emt 0:00:11]} Rf2+ {[%emt 0:00:03]} 50. Ne2 {[%emt 0:02:40]} f3 {[%emt 0:00:07]} 0-1

[Event "Elitserien Allsvenskan 2018-19"]
[Site "Sweden"]
[Date "2018.11.11"]
[Round "3"]
[White "Al-Hadarani, Hatim"]
[Black "Kretz, Johan"]
[Result "1-0"]
[WhiteElo "2318"]
[BlackElo "2220"]
[Annotator "NA"]
[PlyCount "99"]
[EventDate "2018.11.09"]
[EventType "team-tourn"]
[EventCountry "SWE"]
[SourceTitle "playchess.com"]
[Source "ChessBase"]
[SourceQuality "1"]
[TimeControl "40/5400+30:1800+30"]

1. c4 {[%emt 0:10:42]} Nf6 {[%emt 0:00:00]} 2. Nc3 {[%emt 0:00:30]} e6 {[%emt 0:00:24]} 3. e4 {[%emt 0:00:18]} c5 {[%emt 0:00:27]} 4. e5 {[%emt 0:04:36]} Ng8 {[%emt 0:00:15]} 5. f4 $11 {[%emt 0:26:06]} Nc6 {[%emt 0:06:45]} 6. Nf3 {[%emt 0:00:28]} Nh6 {[%emt 0:13:22]} 7. Bd3 {[%emt 0:00:52]} d6 {[%emt 0:01:21]} 8. Be4 {[%emt 0:01:41]} Nd4 {[%emt 0:05:44]} 9. O-O {[%emt 0:04:03]} Nhf5 {[%emt 0:02:59]} 10. d3 {[%emt 0:01:41]} a6 {[%emt 0:02:47]} 11. Kh1 {[%emt 0:01:56]} Qc7 {[%emt 0:05:36]} 12. g4 {[%emt 0:03:24]} Ne7 {[%emt 0:08:13]} 13. Nxd4 {[%emt 0:17:29]} cxd4 {[%emt 0:01:39]} 14. Ne2 {[%emt 0:09:43]} dxe5 {[%emt 0:02:36]} 15. fxe5 {[%emt 0:00:06]} Ng6 {[%emt 0:01:33]} 16. Nxd4 {[%emt 0:02:45]} Qxe5 {[%emt 0:05:23]} 17. Nf3 {[%emt 0:00:54]} Qc7 {[%emt 0:00:45]} 18. Ng5 {[%emt 0:00:53]} f6 {[%emt 0:01:39]} 19. Nxh7 {[%emt 0:10:16]} f5 {[%emt 0:01:09]} 20. gxf5 {[%emt 0:00:26]} Rxh7 {[%emt 0:00:12]} 21. Qe2 {[%emt 0:00:14]} Bd6 {[%emt 0:02:21]} 22. fxe6 {[%emt 0:00:56]} Rxh2+ {[%emt 0:11:24]} 23. Qxh2 {[%emt 0:00:02]} Bxh2 {[%emt 0:00:02]} 24. Bxg6+ {[%emt 0:00:11]} Ke7 {[%emt 0:00:29]} 25. Rf7+ {[%emt 0:00:50]} Kxe6 {[%emt 0:00:14]} 26. Rxc7 {[%emt 0:00:13]} Bxc7 {[%emt 0:00:06]} 27. Bg5 {[%emt 0:00:38]} Bd6 {[%emt 0:08:30]} 28. d4 {[%emt 0:00:24]} b6 {[%emt 0:00:47]} 29. Re1+ {[%emt 0:01:09]} Kd7 {[%emt 0:00:16]} 30. Be8+ {[%emt 0:00:58]} Kc7 {[%emt 0:00:09]} 31. d5 {[%emt 0:00:32]} Bf5 {[%emt 0:01:59]} 32. Kg2 {[%emt 0:00:27]} Bd7 {[%emt 0:07:55]} 33. Bxd7 {[%emt 0:00:02]} Kxd7 {[%emt 0:00:02]} 34. Be3 {[%emt 0:00:53]} Rc8 {[%emt 0:05:12]} 35. Rc1 {[%emt 0:00:33]} Rh8 {[%emt 0:02:46]} 36. Bxb6 {[%emt 0:00:35]} Rh2+ {[%emt 0:00:07]} 37. Kf3 {[%emt 0:00:12]} Rxb2 {[%emt 0:00:12]} 38. Bd4 {[%emt 0:00:14]} Rxa2 {[%emt 0:00:19]} 39. c5 {[%emt 0:00:18]} Ra4 {[%emt 0:02:46]} 40. Ke4 {[%emt 0:01:06]} Bg3 {[%emt 0:00:37]} 41. Rf1 {[%emt 0:30:37]} Bh4 {[%emt 0:30:50]} 42. Kd3 {[%emt 0:00:22]} Ra3+ {[%emt 0:00:00]} 43. Kc4 {[%emt 0:00:00]} Ra4+ {[%emt 0:00:00]} 44. Kc3 {[%emt 0:00:00]} Ra3+ {[%emt 0:00:00]} 45. Kb4 {[%emt 0:00:00]} Rg3 {[%emt 0:00:00]} 46. c6+ {[%emt 0:00:00]} Kd6 {[%emt 0:00:00]} 47. Bc5+ {[%emt 0:00:00]} Kxd5 {[%emt 0:01:10]} 48. c7 {[%emt 0:00:00]} a5+ {[%emt 0:00:47]} 49. Kb5 {[%emt 0:00:00]} Rb3+ {[%emt 0:00:42]} 50. Ka6 {[%emt 0:00:00]} 1-0

[Event "Elitserien Allsvenskan 2018-19"]
[Site "Sweden"]
[Date "2018.11.11"]
[Round "3"]
[White "Pantzar, Milton"]
[Black "Drugge, Patrik"]
[Result "1-0"]
[WhiteElo "2314"]
[BlackElo "2198"]
[Annotator "NA"]
[PlyCount "55"]
[EventDate "2018.11.09"]
[EventType "team-tourn"]
[EventCountry "SWE"]
[SourceTitle "playchess.com"]
[Source "ChessBase"]
[SourceQuality "1"]
[TimeControl "40/5400+30:1800+30"]

1. d4 {[%emt 0:00:00]} d5 {[%emt 0:00:00]} 2. Nf3 {[%emt 0:00:53]} e6 {[%emt 0:01:47]} 3. c4 {[%emt 0:00:56]} c6 {[%emt 0:01:31]} 4. Nc3 {[%emt 0:00:46]} f5 {[%emt 0:00:11]} 5. Bf4 {[%emt 0:04:36]} Be7 {[%emt 0:04:03]} 6. e3 {[%emt 0:00:30]} Nf6 {[%emt 0:00:30]} 7. Bd3 {[%emt 0:00:30]} O-O {[%emt 0:00:30]} 8. Qc2 {[%emt 0:00:30]} Ne4 {[%emt 0:00:32]} 9. g4 $14 {[%emt 0:04:15] LiveBook: 103 Games} g5 {[%emt 0:00:30]} 10. Be5 {[%emt 0:00:30]} Nd7 {[%emt 1:06:00]} 11. h4 {[%emt 0:35:24]} Nxe5 {[%emt 0:11:51]} 12. Nxe5 {[%emt 0:02:14]} gxh4 {[%emt 0:04:43]} 13. O-O-O {[%emt 0:05:04]} Bd7 {[%emt 0:01:38]} 14. Rdg1 {[%emt 0:14:53]} Kh8 {[%emt 0:00:28]} 15. f4 {[%emt 0:00:08]} Bf6 {[%emt 0:02:32]} 16. Nxd7 {[%emt 0:14:49]} Qxd7 {[%emt 0:00:04]} 17. Bxe4 {[%emt 0:00:31]} fxe4 {[%emt 0:01:00]} 18. g5 {[%emt 0:00:01]} Bg7 {[%emt 0:00:37]} 19. Rxh4 {[%emt 0:05:23]} c5 {[%emt 0:00:30]} 20. dxc5 {[%emt 0:00:30]} Rad8 {[%emt 0:00:15]} 21. Rgh1 {[%emt 0:03:24]} h6 {[%emt 0:00:30]} 22. cxd5 {[%emt 0:00:30]} exd5 {[%emt 0:00:30]} 23. Rxh6+ {[%emt 0:00:30]} Bxh6 {[%emt 0:00:30]} 24. Rxh6+ {[%emt 0:00:30]} Kg7 {[%emt 0:00:44]} 25. Nxe4 {[%emt 0:02:45]} dxe4 {[%emt 0:00:30]} 26. Qc3+ {[%emt 0:00:06]} Kg8 {[%emt 0:00:10]} 27. Rh8+ {[%emt 0:00:22]} Kf7 {[%emt 0:00:06]} 28. Rh7+ {[%emt 0:00:05]} 1-0

[Event "Elitserien Allsvenskan 2018-19"]
[Site "Sweden"]
[Date "2018.11.11"]
[Round "3"]
[White "Gajic, Mladen"]
[Black "Lindberg, Bo"]
[Result "1/2-1/2"]
[WhiteElo "2306"]
[BlackElo "2384"]
[Annotator "TA"]
[PlyCount "184"]
[EventDate "2018.11.09"]
[EventType "team-tourn"]
[EventCountry "SWE"]
[SourceTitle "playchess.com"]
[Source "ChessBase"]
[SourceQuality "1"]

{[%evp 11,184,18,21,-12,0,-26,10,-18,-14,-38,-36,-33,-16,-72,-69,-83,-95,-93,-86,-100,-93,-99,-102,-100,-99,-87,-91,-115,-99,-100,-104,-96,-97,-118,-118,-138,-131,-137,-112,-112,-107,-119,-89,-89,-89,-89,-89,-129,-89,-104,-104,-104,-104,-104,-104,-97,-97,-97,-97,-104,-104,-104,-104,-104,-104,-104,-104,-104,-86,-104,-104,-104,-29,-104,-45,-104,-104,-104,-104,-104,-97,-104,-34,-34,-34,-34,-34,-34,-45,-93,-34,-34,-34,-34,-34,-34,-34,-34,-34,-34,-34,-34,-34,-34,-34,-34,-34,-34,-34,-83,0,-83,-34,-34,-34,-34,-34,-83,-34,-34,-34,-34,-34,-34,-34,-34,-34,-34,-34,-34,-34,-780,-34,-34,-34,-34,-34,-34,-34,-34,-34,-34,-34,-34,-34,-34,-34,-34,0,-87,0,-34,0,0,0,0,-17,-34,0,0,0,0,0,0,0,0,0,0,0,0,0,0,0,0,0]} 1. e4 Nc6 2. d4 d5 3. Nc3 dxe4 4. d5 Nb8 5. Bc4 Nf6 6. Bf4 {B00: Damenfianchetto, Nimzowitsch-Verteidigung} a6 {LiveBook: 6 Partien} 7. a4 (7. Qe2 b5 8. Bb3 c5 9. dxc6 Nxc6 10. Rd1 Qa5 11. a4 e5 12. Bg5 Bb4 13. Bxf6 Bxc3+ 14. bxc3 gxf6 15. Qxe4 Qxc3+ {0-1 (34) Hegoburu,P (2514)-Nizynski,M (2618) England 1999}) 7... g6 $146 ({Vorgänger:} 7... c6 8. Nge2 Bg4 9. Qd2 Nbd7 10. dxc6 bxc6 11. Ng3 e5 {½-½ (11) Van Houtte,T (2235)-Dutreeuw,M (2400) Antwerp 1997}) 8. Qd2 Nbd7 9. a5 Bg7 10. Nge2 O-O 11. O-O b5 12. Ba2 (12. axb6 $11 Nxb6 13. Bb3) 12... Bb7 $17 13. Ng3 c6 14. dxc6 Bxc6 15. Rfe1 Nc5 16. Qe3 Na4 17. Nxa4 bxa4 18. Qc5 Qd7 19. Be5 Qb7 {Droht ...Sd7 und aus.} 20. Qb6 Qxb6 21. axb6 Nd7 22. Bxg7 Kxg7 23. Nxe4 Nxb6 24. Nc5 Rfe8 25. Nd3 Rac8 26. b3 axb3 27. Bxb3 Bb5 28. Nb4 Ra8 29. f4 a5 30. Re5 Ba4 $1 ({Doch nicht} 30... axb4 $6 31. Rxa8 Rxa8 32. Rxb5 $11) 31. Nd5 Bxb3 32. Nxb6 Ra6 33. cxb3 Rxb6 34. Raxa5 Rxb3 35. Rab5 Rxb5 36. Rxb5 {[%mdl 4096] Endspiel KT-KT} Ra8 37. Kf2 Ra4 38. Kf3 Ra3+ 39. Kf2 Kf6 40. h3 h6 41. h4 Rc3 (41... h5 $17 42. Re5 Rb3) 42. Ra5 (42. h5 $1 $11 {hält das Gleichgewicht.}) 42... e6 (42... h5 $17 43. Re5 Ra3) 43. Rb5 (43. h5 $1 $15) 43... Rd3 44. g3 Rd5 45. Rb7 Rf5 46. Ke3 g5 (46... Rc5 $17 47. Kf3 Rc3+ 48. Kf2 h5) 47. hxg5+ $1 $15 hxg5 48. Kf3 $1 Kg6 49. Kg4 Ra5 50. Rb8 {[#]} f5+ (50... gxf4 $1 $17 51. gxf4 Ra2) 51. Kf3 Ra3+ 52. Kf2 Ra2+ 53. Ke3 g4 54. Rb3 Kf6 55. Rc3 Ke7 56. Rd3 Rg2 57. Kd4 Re2 58. Ra3 Kf6 59. Kd3 $1 {[%cal Rd3e2]} Rf2 60. Kd4 Re2 61. Kd3 $1 {[%cal Rd3e2]} Re4 62. Ra7 Re1 63. Ra3 Ke7 64. Kd4 Re4+ 65. Kd3 Kd6 66. Ra6+ Kc5 67. Ra5+ Kb4 68. Ra8 Re1 {...Tg1 ist eine echte Drohung.} 69. Rb8+ Kc5 70. Rc8+ Kd6 71. Kd4 $2 {[%mdl 8192] [#]} (71. Rc3 $15) 71... Rg1 $2 ({Lieber} 71... Rd1+ $1 $19 72. Ke3 Rf1 73. Rd8+ Kc6 74. Rc8+ Kd7) 72. Rc3 Rg2 73. Ra3 Rd2+ 74. Ke3 Rc2 75. Kd3 Rc1 (75... Rh2 {is interesting.} 76. Ke3 Kc5 77. Ra6 Rh1 78. Kf2 Kd5) 76. Kd4 Rd1+ 77. Ke3 Rf1 {( -> ...Tf3+)} 78. Kd4 $1 Re1 79. Ra6+ Ke7 ({Günstiger ist} 79... Kd7 $15) 80. Ra3 $1 $17 Kf6 ({Besser ist} 80... Rg1 $17) 81. Kd3 $1 $15 e5 {zielt auf ...exf4 ab.} 82. Ra6+ Ke7 {Und weiter mit ...exf4 wäre nett.} 83. Ra7+ Kd6 {Und ...exf4 würde nun gewinnen.} 84. Ra6+ Kc7 {Weiss muss nun ...exf4 beachten.} (84... Kc5 $5 {[%cal Re5e4]} 85. fxe5 Rxe5 $15) 85. Rf6 {Die Stellung ist ausgeglichen.} e4+ 86. Kd2 Rg1 87. Rxf5 Rxg3 88. Re5 Rf3 89. Rxe4 g3 90. f5 Kd6 91. Ke2 Rf2+ 92. Ke3 Rxf5 {Precision: Weiß = 64%, Schwarz = 57%.} 1/2-1/2